000
00297nam a22001337a 4500
003
SGT
082
_a
612.015
_b
R12S
100
_a
SURESH, PARIMI
245
_a
RASENDRA SARA SANGRAH
260
_a
VARANASI
_b
CHAUKHAMBHA PUB
_c
2012
300
_a
1112
650
_a
RASENDRA SANGRAH
942
_2
ddc
_c
BK
_0
3
999
_c
8324
_d
8324